| 000 | 00436nam a22001577a 4500 | ||
|---|---|---|---|
| 005 | 20241028083122.0 | ||
| 008 | 241028b |||||||| |||| 00| 0 eng d | ||
| 020 | _a9781297826870 | ||
| 050 |
_aNA2515 _b.W9 |
||
| 100 | _aWotton, Henry K. | ||
| 245 |
_aThe Elements of Architecture _cHenry Wotton K. |
||
| 260 |
_aSpringfield _bThe F. A. Bassette Company _c1651 |
||
| 300 |
_a14. 307p. _c24cm |
||
| 650 | _2Architecture | ||
| 942 |
_2lcc _cBK _n0 |
||
| 999 |
_c260 _d260 |
||